Lecons de choses: accompagnées de lectures scientifiques appropriées á chaque lecon

Saved in:
Bibliografiske detaljer
Main Authors: Coupin, Henri (Author), Soulet, A. J (Author)
Format: Bog
Sprog:fransk
Udgivet: París Hatier 1920
Serier:Classe de Huitième
Fag:
Tags: Tilføj Tag
Ingen Tags, Vær først til at tagge denne postø!

MARC

LEADER 00000nam a2200000 a 4500
001 UCZ8681
003 CL-VaPUC
008 960125e19200000FR |||||||||||||||||fre|d
082 0 4 |a 372.65  |b COU  |2 21 
100 0 |a Coupin, Henri  |e author  |9 354060 
700 0 |a Soulet, A. J  |e author  |9 354061 
245 1 0 |a Lecons de choses: accompagnées de lectures scientifiques appropriées á chaque lecon 
300 |a 200 p 
942 |c BK 
945 |d 19960125 00:00:00  |a cmena 
260 |a París  |b Hatier  |c 1920 
650 0 |a Educación lingüística  |9 306506 
650 7 |a LENGUAS ROMANCES  |2 CL-VaPUC  |9 346632 
650 7 |a FRANCES  |2 CL-VaPUC  |9 259059 
650 0 |a Lectura  |9 307634 
650 0 |a Enseñanza de la lectura  |9 308364 
583 |a last modification  |c 19960125 00:00:00  |k Rodrigo Vera 
490 0 |a Classe de Huitième 
999 |c 244532  |d 244530 
952 |0 0  |1 0  |4 0  |6 372_650000000000000_COU_1920  |7 0  |8 P  |9 258619  |a BIBEDU  |b BIBEDU  |c BIBEDU_PB  |d 2019-11-19  |i 1618547  |o 372.65 COU 1920  |p 1618547  |r 2024-01-25  |w 2019-11-19  |y BK  |k EDU